<?xml version="1.0" encoding="UTF-8"?>
<collection xmlns="http://www.loc.gov/MARC21/slim">
 <record>
  <leader>03621nam a2200301 a 4500</leader>
  <controlfield tag="001">1/44881</controlfield>
  <controlfield tag="008">140714s2005    us            001 0 eng  </controlfield>
  <datafield tag="020" ind1=" " ind2=" ">
   <subfield code="a">9781928994985</subfield>
  </datafield>
  <datafield tag="020" ind1=" " ind2=" ">
   <subfield code="a">1928994989</subfield>
  </datafield>
  <datafield tag="035" ind1=" " ind2=" ">
   <subfield code="l">47838</subfield>
  </datafield>
  <datafield tag="040" ind1=" " ind2=" ">
   <subfield code="a">OPELS</subfield>
   <subfield code="b">eng</subfield>
   <subfield code="c">OPELS</subfield>
   <subfield code="d">OCLCQ</subfield>
   <subfield code="d">GR-PeUP</subfield>
  </datafield>
  <datafield tag="100" ind1="1" ind2=" ">
   <subfield code="a">Rogers, Russ.</subfield>
  </datafield>
  <datafield tag="245" ind1="1" ind2="0">
   <subfield code="a">Hacking a terror network</subfield>
   <subfield code="h">[electronic resource] :</subfield>
   <subfield code="b">the silent threat of covert channels /</subfield>
   <subfield code="c">Russ Rogers.</subfield>
  </datafield>
  <datafield tag="260" ind1=" " ind2=" ">
   <subfield code="a">Rockland, Mass. :</subfield>
   <subfield code="b">Syngress,</subfield>
   <subfield code="c">c2005.</subfield>
  </datafield>
  <datafield tag="300" ind1=" " ind2=" ">
   <subfield code="a">1 online resource (xviii, 364 p.) :</subfield>
   <subfield code="b">ill.</subfield>
  </datafield>
  <datafield tag="520" ind1=" " ind2=" ">
   <subfield code="a">Written by a certified Arabic linguist from the Defense Language Institute with extensive background in decoding encrypted communications, this cyber-thriller uses a fictional narrative to provide a fascinating and realistic &quot;insider's look&quot; into technically sophisticated covert terrorist communications over the Internet. The accompanying CD-ROM allows readers to &quot;hack along&quot; with the story line, by viewing the same Web sites described in the book containing encrypted, covert communications. Hacking a Terror NETWORK addresses the technical possibilities of Covert Channels in combination with a very real concern: Terrorism. The fictional story follows the planning of a terrorist plot against the United States where the terrorists use various means of Covert Channels to communicate and hide their trail. Loyal US agents must locate and decode these terrorist plots before innocent American citizens are harmed. The technology covered in the book is both real and thought provoking. Readers can realize the threat posed by these technologies by using the information included in the CD-ROM. The fictional websites, transfer logs, and other technical information are given exactly as they would be found in the real world, leaving the reader to test their own ability to decode the terrorist plot. Cyber-Thriller focusing on increasing threat of terrorism throughout the world. Provides a fascinating look at covert forms of communications used by terrorists over the Internet. Accompanying CD-ROM allows users to &quot;hack along&quot; with the fictional narrative within the book to decrypyt.</subfield>
  </datafield>
  <datafield tag="505" ind1="0" ind2=" ">
   <subfield code="a">Introduction to firewalls and the world of NetScreen: Dissecting the NetScreen firewall: Deploying NetScreen firewalls: Policy configuration: Routing: User authentication: Advanced policy configuration: NAT: Transparent mode: Attack detection and defense: VPN theory: VPN usage: Virtual systems: High availability: Troubleshooting the NetScreen firewall: Enterprise NetScreen management.</subfield>
  </datafield>
  <datafield tag="505" ind1="0" ind2=" ">
   <subfield code="a">Foreword -- Prologue -- The mind of terror -- Unseen planning -- Making friends -- One step closer -- Over the line -- Images of death -- The real assignment -- Creating the code -- Over the edge -- Biding time -- Covert channels -- Facing the truth -- Taking command -- Racing the clock -- Losing control -- Heightened motivation -- Chasing ghosts -- Taking back control -- Vengeance for deceit -- Elmininating false positives -- Gaining a finger hold -- Compressing timelines -- A plan comes together -- Turning fiction into reality.</subfield>
  </datafield>
  <datafield tag="650" ind1=" " ind2="4">
   <subfield code="a">Terrorism</subfield>
   <subfield code="x">Prevention</subfield>
   <subfield code="x">Computer network resources.</subfield>
  </datafield>
  <datafield tag="650" ind1=" " ind2="4">
   <subfield code="a">Cyberterrorism</subfield>
   <subfield code="x">Prevention.</subfield>
  </datafield>
  <datafield tag="650" ind1=" " ind2="4">
   <subfield code="a">Internet</subfield>
   <subfield code="x">Security measures.</subfield>
  </datafield>
  <datafield tag="650" ind1=" " ind2="4">
   <subfield code="a">Internet</subfield>
   <subfield code="x">Political aspects.</subfield>
  </datafield>
  <datafield tag="650" ind1=" " ind2="4">
   <subfield code="a">Terrorists</subfield>
   <subfield code="z">United States</subfield>
   <subfield code="v">Fiction.</subfield>
  </datafield>
  <datafield tag="655" ind1=" " ind2="4">
   <subfield code="a">Electronic books.</subfield>
  </datafield>
  <datafield tag="852" ind1=" " ind2=" ">
   <subfield code="a">INST</subfield>
   <subfield code="b">UNIPILB</subfield>
   <subfield code="c">EBOOKS</subfield>
   <subfield code="e">20140715</subfield>
   <subfield code="p">00b47838</subfield>
   <subfield code="q">00b47838</subfield>
   <subfield code="t">ONLINE</subfield>
   <subfield code="y">0</subfield>
  </datafield>
  <datafield tag="856" ind1="4" ind2="0">
   <subfield code="3">ScienceDirect</subfield>
   <subfield code="u">http://www.sciencedirect.com/science/book/9781928994985</subfield>
  </datafield>
  <datafield tag="856" ind1="4" ind2=" ">
   <subfield code="d">/webopac/covers/03/47838_9781928994985.jpg</subfield>
  </datafield>
  <datafield tag="856" ind1="4" ind2=" ">
   <subfield code="d">/webopac/covers/03/47838_1928994989.jpg</subfield>
  </datafield>
 </record>
</collection>
